000 00541nam a2200169 i 4500
001 140965
003 ES-MaACL
007 t|
008 070918s1954 sp ||||1| spa d
080 _a86-36"19"
100 1 _aYordi, Julio R.
_9117666
245 1 3 _aLa Peña y la peña
_b: tertulia y tertuliantes /
_cJulio R. Yordi ; ilustraciones de Ramón Núñez Carnicer.
260 _a[La Coruña] :
_bMoret,
_c[1954]
300 _a255 p. :
_bil. ;
_c20 cm.
700 1 _aNúñez Carnicer, Ramón.
_986178
852 _aES-MaACL
_jC-8783
_bR.35919
999 _c140965
_d140965